00988nam a2200217 a 450000100100000000500170001000800410002702000150006804000250008310000390010824500880014726000680023530000210030349000270032470000410035183000340039295201110042695201050053795201110064299900170075300004000320201002033846.0130802s2004 mx 000 0 spa d a9703208037 aDO-SdBNPbspacBNPHU1 aLópez y Fuentes, Gregorio96623010aTierra /cGregorio López y Fuentes ; introducción José Alfredo Reyes López. aMéxico :bUniversidad Nacional Autónoma de México,c2004. a117 p. ;c18 cm.1 aDifución Culturale71 aReyes López, José Alfredo966231 0aDifución Culturalv7966229 001050718MOaGRbGRcCTd2013-08-02iLF1l0o p40003-10r2020-06-25te. 2w2020-06-25y1ZNo se presta 001050718MOaGRbGRcCTd2013-08-02iLF1l0o p40003-20r2020-06-25w2020-06-25y1ZNo se presta 001050718MOaGRbGRcCTd2013-08-02iLF1l0o p40003-30r2020-06-25te. 3w2020-06-25y1ZNo se presta c39493d39493